000 00212nam a2200097Ia 4500
005 20251222114416.0
008 251222s1900||||xx |||||||||||||| ||spa||
082 _aDVD0160/C91
245 0 _aVanilla sky:
942 _cDVD
999 _c2234
_d2234